[Event "BL9899 (Women)"]
[Site "Germany"]
[Date "1998.10.25"]
[Round "2.1"]
[White "Mai, Iris"]
[Black "Ankerst, Milka"]
[Result "1/2-1/2"]
[WhiteElo "2140"]
[BlackElo "2150"]

1.d4 Nf6 2.Nf3 e6 3.c4 Bb4+ 4.Bd2 Qe7 5.Qc2 O-O 6.c5 Bxd2+ 7.Nbxd2 d6 8.Rc1 Nc6
9.e4 Re8 10.Bb5 Bd7 11.O-O Rac8 12.a3 Nb8 13.Bd3 e5 14.Rfe1 Bg4 15.h3 Bd7
16.d5 dxc5 17.Qxc5 Qxc5 18.Rxc5 b6 19.Rc3 Nh5 20.Rec1 Nf4 21.Bf1 c6 22.g3 Ng6
23.Nc4 cxd5 24.exd5 e4 25.Nd4 Ne7 26.Ne3 Rxc3 27.bxc3 g6 28.a4 Rc8 29.c4 Na6
30.Nb5 Nc5 31.Rb1 Nxa4 32.Nxa7 Ra8 33.Nb5 Bxb5 34.Rxb5 Nc8 35.g4 Kf8 36.Bg2 Nd6
37.Rb4 f5 38.gxf5 gxf5 39.h4 Ke7 40.f4 Kf6 41.Bf1  1/2-1/2

[Event "ISL-ch"]
[Site "Arborg"]
[Date "1998.10.27"]
[Round "1"]
[White "Thorsteinsson, Thorsteinn"]
[Black "Bjarnason, Saevar"]
[Result "1/2-1/2"]
[WhiteElo "2310"]
[BlackElo "2295"]

1.d4 Nf6 2.c4 e6 3.Nf3 Bb4+ 4.Bd2 Qe7 5.Nc3 Nc6 6.e3 Bxc3 7.Bxc3 Ne4 8.Rc1 O-O
9.Bd3 Nxc3 10.Rxc3 f5 11.O-O d6 12.c5 dxc5 13.Rxc5 Nb4 14.a3 b6 15.Rc1 Nxd3
16.Qxd3 Bb7 17.Ne5 Be4 18.Qc3 Rfc8 19.f3 Bd5 20.Nd3  1/2-1/2

[Event "Wch U16 Girls"]
[Site "Oropesa del Mar"]
[Date "1998.10.31"]
[Round "6"]
[White "Vovk, Oksana"]
[Black "Moshina, Cristina"]
[Result "1/2-1/2"]
[WhiteElo "2080"]
[BlackElo "2185"]

1.d4 Nf6 2.Nf3 e6 3.c4 Bb4+ 4.Bd2 Qe7 5.a3 Bxd2+ 6.Qxd2 b6 7.Nc3 Bb7 8.e3 O-O
9.Be2 d6 10.O-O Nbd7 11.Qc2 c5 12.Rfd1 Rac8 13.Nd2 Rfd8 14.b3 Nf8 15.dxc5 bxc5
16.Bf3 d5 17.Rab1 Ng6 18.cxd5 exd5 19.b4 Rd7 20.Qb3 c4 21.Qc2 Ne5 22.Qf5 g6
23.Qf4 Nd3 24.Qd4 Ne4 25.Nxd5 Bxd5 26.Nxe4 Bxe4 27.Qxe4 Qxe4 28.Bxe4 f5 29.Bxd3 Rxd3
30.Rxd3 cxd3 31.Kf1 Rc3 32.a4 Kf7 33.Ke1 Ke6 34.f3  1/2-1/2

[Event "Young Masters 5th"]
[Site "Loures"]
[Date "1998.11.03"]
[Round "1"]
[White "Reis, Luis Sousa"]
[Black "Hernandez, Roman"]
[Result "0-1"]
[WhiteElo "2225"]
[BlackElo "2440"]

1.d4 Nf6 2.c4 e6 3.Nf3 Bb4+ 4.Bd2 Qe7 5.a3 Bxd2+ 6.Nbxd2 d6 7.e3 e5 8.Qc2 O-O
9.Bd3 Re8 10.Bf5 Nbd7 11.O-O e4 12.Ng5 Nf8 13.Bxc8 Raxc8 14.f3 exf3 15.Rxf3 c5
16.Qf5 Ng6 17.g3 d5 18.cxd5 cxd4 19.exd4 Rcd8 20.Nde4 Nxe4 21.Nxe4 Qxe4 22.Qxf7+ Kh8
23.Raf1 Qxd4+ 24.Kg2 Qxd5 25.Qxd5 Rxd5 26.h4 Re2+ 27.R1f2 Rdd2  0-1

[Event "Wch U18"]
[Site "Oropesa del Mar"]
[Date "1998.11.03"]
[Round "8"]
[White "Riazantsev, Alexander"]
[Black "Sandhu, Mario"]
[Result "1-0"]
[WhiteElo "2335"]
[BlackElo "2190"]

1.d4 Nf6 2.c4 e6 3.Nf3 Bb4+ 4.Bd2 a5 5.g3 d5 6.Qc2 dxc4 7.Qxc4 Nc6 8.Nc3 Nd5
9.Bg2 O-O 10.O-O Be7 11.Rad1 Nb6 12.Qd3 Nb4 13.Qb1 Nc4 14.Bc1 a4 15.e4 Ra5
16.a3 Nc6 17.Qc2 Nb6 18.Be3 Nc4 19.Bf4 g5 20.Bc1 g4 21.Nd2 Nb6 22.d5 Nd4
23.Qd3 e5 24.f4 f6 25.Kh1 Kh8 26.Ne2 Nxe2 27.Qxe2 Bd7 28.Rfe1 Rg8 29.Nf1 Rb5
30.Ne3 Rb3 31.Qc2 Bd6 32.fxe5 Bxe5 33.Rd3 Rxd3 34.Qxd3 Qe8 35.Qe2 Qh5 36.Kg1 Be8  1-0

[Event "Wch U18"]
[Site "Oropesa del Mar"]
[Date "1998.11.03"]
[Round "8"]
[White "Iljushin, Alexei"]
[Black "Ibrahimov, Rasul"]
[Result "1-0"]
[WhiteElo "2470"]
[BlackElo "2365"]

1.d4 Nf6 2.c4 e6 3.Nf3 Bb4+ 4.Bd2 Qe7 5.g3 Nc6 6.Bg2 Bxd2+ 7.Nbxd2 d6 8.O-O a5
9.e4 e5 10.d5 Nb8 11.Ne1 O-O 12.Nd3 Na6 13.Qc2 Bg4 14.Rae1 Nd7 15.a3 c6 16.h3 Bh5
17.dxc6 bxc6 18.b4 Rfb8 19.Qc3 Nb6 20.g4 Bg6 21.c5 axb4 22.axb4 dxc5 23.bxc5 Nd7
24.Nc4 Naxc5 25.Ndxe5 Na4 26.Qg3 Nxe5 27.Nxe5 Qc7 28.f4 Re8 29.h4 f6 30.Nxg6 hxg6
31.g5 fxg5 32.Qxg5 Qd6 33.e5 Qe6 34.Be4 Kf7 35.f5  1-0

[Event "Young Masters 5th"]
[Site "Loures"]
[Date "1998.11.05"]
[Round "3"]
[White "Del Rio, Salvador Gabriel"]
[Black "Hernandez, Roman"]
[Result "1/2-1/2"]
[WhiteElo "2365"]
[BlackElo "2440"]

1.d4 Nf6 2.Nf3 e6 3.c4 Bb4+ 4.Bd2 Qe7 5.c5 Bxd2+ 6.Nbxd2 Nc6 7.e3 d6 8.cxd6 cxd6
9.Be2 O-O 10.O-O Bd7 11.Qb3 Rab8 12.Rac1 Rfc8 13.Qa3 Kf8 14.Nc4 d5 15.Nd6 Rd8
16.Ne5 Be8 17.Nxe8 Qxa3 18.bxa3 Nxe8 19.Nxc6  1/2-1/2

[Event "Wch U16"]
[Site "Oropesa del Mar"]
[Date "1998.11.06"]
[Round "10"]
[White "Merino Garcia, Rafael"]
[Black "Fernandez Romero, Ernest"]
[Result "1-0"]
[WhiteElo "2275"]
[BlackElo "2195"]

1.d4 Nf6 2.Nf3 e6 3.c4 Bb4+ 4.Bd2 Qe7 5.g3 Nc6 6.Nc3 Bxc3 7.Bxc3 Ne4 8.Qc2 Nxc3
9.Qxc3 Qb4 10.Rc1 Qxc3+ 11.Rxc3 O-O 12.Bg2 d6 13.O-O Rb8 14.d5 Ne7 15.Rd1 a6
16.e4 b6 17.b4 Bb7 18.Nd4 e5 19.Nb3 Rfd8 20.f3 Kf8 21.c5 Re8 22.Bf1 g6 23.Nd2 bxc5
24.bxc5 dxc5 25.Nc4 f6 26.Na5 c6 27.d6 Nc8 28.Rb3 Nxd6  1-0

[Event "GER-ch"]
[Site "Bremen"]
[Date "1998.11.08"]
[Round "3"]
[White "Gabriel, Christian"]
[Black "Meins, Gerlef"]
[Result "1-0"]
[WhiteElo "2555"]
[BlackElo "2455"]

1.Nf3 Nf6 2.c4 e6 3.d4 Bb4+ 4.Bd2 Qe7 5.g3 b6 6.Bg2 Bb7 7.O-O Bxd2 8.Qxd2 O-O
9.Nc3 d6 10.d5 e5 11.e4 a5 12.Qc2 Na6 13.a3 c6 14.Nd2 cxd5 15.cxd5 Rfc8 16.Rab1 Nc5
17.Bh3 Nfd7 18.b4 axb4 19.axb4 Na4 20.Qxa4 Rxa4 21.Nxa4 g6 22.Bxd7 Rc2 23.Nxb6 Rxd2
24.Bc6 Qc7 25.Nc4 Bxc6 26.Nxd2 Bb5 27.Rfc1 Qa7 28.Nc4 Qa2 29.Nxd6 Bd3 30.Ra1 Qb2
31.b5 Qb4 32.Rc6 Bxb5 33.Nxb5 Qxb5 34.Rd1  1-0

[Event "Donetzk zt"]
[Site "Donetsk"]
[Date "1998.11.09"]
[Round "7"]
[White "Shneider, Aleksandr"]
[Black "Kuzmin, Gennadi P"]
[Result "1-0"]
[WhiteElo "2540"]
[BlackElo "2560"]

1.d4 Nf6 2.c4 e6 3.Nf3 Bb4+ 4.Bd2 a5 5.Nc3 O-O 6.Qc2 d5 7.cxd5 exd5 8.Bg5 Qd6
9.e3 Re8 10.Bd3 Nc6 11.O-O Bxc3 12.bxc3 Ne4 13.Bf4 Qe7 14.Rab1 h6 15.Nd2 g5
16.Bg3 h5 17.Bxe4 dxe4 18.f4 h4 19.Be1 g4 20.f5 Qg5 21.Rf4 Bxf5 22.Bxh4 Qxh4
23.Rxf5 Ne7 24.Re5 Ng6 25.Rxe4 Qg5 26.Rf1 b5 27.Rf5 Qh6 28.Rxb5 Reb8 29.Rf5 a4
30.Nf1 a3 31.Rxg4 Ra6 32.h4 Kf8 33.Qd3 Ne7 34.Rb5 Rd8 35.Rf4 Ng6 36.Rf2 Nxh4
37.Qc4 Rd7 38.Qc5+ Kg7 39.Qg5+ Rg6 40.Qxh6+ Kxh6 41.Re5 Rc6 42.Rc2 f6 43.Ra5 Rb6
44.Rf2 Rg7 45.Rxa3 Rg5 46.Rb3 Ra6 47.Rb8 Kg7 48.c4 Rga5 49.g3 Nf5 50.Rb7 Nd6
51.Rxc7+ Kg6 52.c5 Ne4 53.Rb2 Rxa2 54.Rcb7 Ra1 55.Kg2 Re1 56.Re7 f5 57.g4 Nc3
58.gxf5+ Kg5 59.Re6 Raa1 60.Ng3 Nd1 61.Re2 Rxe2+ 62.Nxe2 Kxf5 63.Re5+ Kg4
64.Re4+ Kf5 65.Kf3 Ra2 66.c6 Rc2 67.d5 Rxe2 68.Rf4+  1-0

[Event "Donetzk zt"]
[Site "Donetsk"]
[Date "1998.11.09"]
[Round "7"]
[White "Novikov, Igor A"]
[Black "Zubarev, Alexander"]
[Result "1-0"]
[WhiteElo "2545"]
[BlackElo "2440"]

1.d4 Nf6 2.c4 e6 3.Nf3 Bb4+ 4.Bd2 Qe7 5.g3 Nc6 6.Nc3 Bxc3 7.Bxc3 Ne4 8.Qc2 Nxc3
9.Qxc3 O-O 10.Bg2 d6 11.O-O e5 12.d5 Nd8 13.c5 b6 14.cxd6 cxd6 15.Rac1 Ba6
16.Qe3 Qd7 17.Rc2 Nb7 18.Qa3 Bb5 19.Rfc1 Rfc8 20.Rxc8+ Rxc8 21.Rxc8+ Qxc8
22.Qxa7 Bxe2 23.h4 Qc7 24.Kh2 h6 25.a4 Kf8 26.b4 Ke7 27.Nd2 f5 28.Bf1 Bxf1
29.Nxf1 f4 30.gxf4 exf4 31.Kg2 g5 32.hxg5 hxg5 33.Nh2 Kd7 34.Nf3 g4 35.Nd4 Qc8
36.Ne6 g3 37.Qxb6 gxf2 38.Qd4 f1=Q+ 39.Kxf1 Qc1+ 40.Kf2 Nd8 41.Nxd8 Kxd8
42.Qf6+ Ke8 43.Qe6+ Kf8 44.Qxd6+ Kg8 45.Qc5 Qd2+ 46.Kf3 Qd3+ 47.Kxf4 Qd2+
48.Kf5 Qd3+ 49.Ke6  1-0

[Event "BL2-W9899"]
[Site "Germany"]
[Date "1998.11.22"]
[Round "2.6"]
[White "Abel, Thomas"]
[Black "Kveinys, Aloyzas"]
[Result "0-1"]
[WhiteElo "2400"]
[BlackElo "2535"]

1.d4 Nf6 2.c4 e6 3.Nf3 Bb4+ 4.Bd2 a5 5.g3 d6 6.Bg2 Nbd7 7.O-O e5 8.Bg5 exd4
9.Nxd4 O-O 10.a3 Bc5 11.b3 h6 12.Bc1 Re8 13.Nc3 c6 14.Bb2 Ne5 15.Rc1 Bd7
16.Qd2 Qc8 17.Rfd1 Bh3 18.Bh1 Qg4 19.Qf4 Qh5 20.f3 g5 21.Qd2 Re7 22.Bg2 Rae8
23.g4 Nexg4 24.Bxh3 Qxh3 25.fxg4 Bxd4+ 26.Qxd4 Rxe2  0-1

[Event "BL9899 (Women)"]
[Site "Germany"]
[Date "1998.12.05"]
[Round "5.2"]
[White "Goehler, Antje"]
[Black "Hund, Barbara"]
[Result "1/2-1/2"]
[WhiteElo "2160"]
[BlackElo "2285"]

1.d4 Nf6 2.c4 e6 3.Nf3 Bb4+ 4.Bd2 a5 5.g3 O-O 6.Bg2 d5 7.a3 Bxd2+ 8.Nbxd2 a4
9.Ne5 Nbd7 10.Nxd7 Bxd7 11.O-O Qe7 12.Rc1 Rfc8 13.e4 dxc4 14.Nxc4 Bb5 15.Re1 Rd8
16.e5 Nd5 17.Ne3 Nxe3 18.fxe3 c6 19.Be4 Rac8 20.Qc2 g6 21.Bd3 Bxd3 22.Qxd3 Rd5
23.Rc3 Qd8 24.Qc2 Qa5 25.Rc1 Qb5 26.Rc4 Ra8 27.Rb4 Qa6 28.Qc4 Qa7 29.Kg2 c5
30.dxc5 Rc8 31.Rxa4 Qb8 32.Qc3 Rxe5 33.Rc4 b5 34.cxb6 Rxc4 35.Qxc4 Qxb6 36.Qc8+ Kg7
37.Qc3 Qxe3 38.Qxe3 Rxe3 39.Rc2 Rb3 40.a4 Rb4 41.a5 Ra4 42.b4 Rxb4 43.Ra2 Rb7
44.a6 Ra7 45.Kf3 Kf6 46.Ke4 Ke7 47.g4 f6 48.g5 fxg5 49.Ke5 g4 50.Rb2 Rxa6
51.Rb7+ Kf8 52.Rxh7 Kg8 53.Rb7 Ra2 54.Kf6 Rxh2 55.Kxg6 Rf2 56.Rb8+ Rf8 57.Rb7 Ra8
58.Rg7+ Kf8 59.Rf7+ Ke8 60.Rg7 Ra4 61.Kh5 Rf4 62.Rxg4 Rf7 63.Ra4 Rf5+ 64.Kg4 Ke7
65.Ra7+ Kf6 66.Ra8 Kf7 67.Ra7+ Kf6  1/2-1/2

[Event "BEL-chT9899"]
[Site "Antwerp"]
[Date "1998.12.06"]
[Round "4"]
[White "Bernard, Nicolas"]
[Black "De Wachter, Matthias"]
[Result "1/2-1/2"]
[WhiteElo "2200"]
[BlackElo "2194"]

1.d4 Nf6 2.Nf3 e6 3.c4 Bb4+ 4.Bd2 Qe7 5.g3 Nc6 6.Bg2 Bxd2+ 7.Nbxd2 d6 8.O-O a5
9.e4 e5 10.d5 Nb8 11.Ne1 O-O 12.Nd3 Na6 13.Qe2 Nd7 14.b3 Ndc5 15.Rae1 Nxd3
16.Qxd3 Bd7 17.f4 f6 18.Nf3 Nc5 19.Qe3 b5 20.fxe5 fxe5 21.Nd2 Rxf1+ 22.Rxf1 b4
23.a4 Rf8 24.Rxf8+ Qxf8 25.Bf3 Qf6 26.h4 h6 27.Bd1 g5 28.hxg5 Qxg5 29.Qxg5+ hxg5
30.Kf2 Kg7 31.Ke3 Kf6 32.g4 Kg6 33.Nf1  1/2-1/2

[Event "Budapest FS12 GM"]
[Site "Budapest"]
[Date "1998.12.08"]
[Round "4"]
[White "Nguyen Anh Dung"]
[Black "Horvath, Adam"]
[Result "1/2-1/2"]
[WhiteElo "2495"]
[BlackElo "2455"]

1.d4 Nf6 2.Nf3 e6 3.c4 Bb4+ 4.Bd2 Qe7 5.e3 b6 6.Bd3 Bb7 7.Nc3 Bxc3 8.Bxc3 Ne4
9.Bxe4 Bxe4 10.O-O O-O 11.Nd2 Bb7 12.e4 f5 13.Re1 fxe4 14.Nxe4 d5 15.cxd5 Bxd5
16.Qg4 Nc6 17.a3 Rf5 18.f3 Raf8 19.Qg3 a5 20.Re3 b5 21.Rc1 b4 22.axb4 axb4
23.Bd2 R8f7 24.Rd3 Qf8 25.Ng5 R7f6 26.Qxc7 h6 27.Nh3 e5 28.dxe5 Nxe5 29.Rxd5 Nxf3+
30.gxf3 Rxd5 31.Bf4 Rh5 32.Qd7 Kh7 33.Bg3 Rxf3 34.Nf2 Rhf5 35.Qd4 Qe7 36.Rc2 b3
37.Rd2 Qg5 38.Ne4 Qg6 39.Rf2 Qc6 40.Rxf3 Rxf3 41.Nc5 Rf5 42.Nxb3 Rd5 43.Qe4+ Kh8
44.Kg2 Qb7 45.Qe8+ Kh7 46.Qe4+ g6 47.Qf3  1/2-1/2

[Event "Gudmundur Arason op 4th"]
[Site "Hafnarfjordur"]
[Date "1998.12.15"]
[Round "2"]
[White "Bosboom, Manuel"]
[Black "Karason, Askell O"]
[Result "1/2-1/2"]
[WhiteElo "2490"]
[BlackElo "2270"]

1.d4 Nf6 2.c4 e6 3.Nf3 Bb4+ 4.Bd2 Qe7 5.g3 Nc6 6.Bg2 Bxd2+ 7.Nbxd2 d6 8.O-O O-O
9.e4 e5 10.d5 Nb8 11.Ne1 a5 12.Nd3 Na6 13.Qc2 Nd7 14.f4 Nac5 15.Rae1 Nxd3
16.Qxd3 Nc5 17.Qc3 Bd7 18.b3 c6 19.a3 b5 20.dxc6 b4 21.axb4 axb4 22.Qxb4 Nd3
23.Qb7 Nc5 24.Qb4 Nd3 25.Qb7  1/2-1/2

[Event "Groningen op"]
[Site "Groningen"]
[Date "1998.12.20"]
[Round "11"]
[White "Van der Marel, Bert"]
[Black "Kozlova, Olga"]
[Result "0-1"]
[WhiteElo "2180"]
[BlackElo "2260"]

1.d4 Nf6 2.c4 e6 3.Nf3 Bb4+ 4.Bd2 Qe7 5.Nc3 Bxc3 6.Bxc3 Ne4 7.Qc2 f5 8.e3 b6
9.Bd3 Bb7 10.d5 exd5 11.Nd4 O-O 12.Bxe4 dxe4 13.O-O-O a5 14.g4 fxg4 15.Rdg1 Na6
16.Rxg4 Nb4 17.Rhg1 Rxf2 18.Qxf2 Nd3+ 19.Kb1 Nxf2 20.Nf5 Qe6 21.Rxg7+ Kf8
22.Nd4 Qxc4 23.R7g2 Nh3 24.Rc1 Bd5 25.b3 Qd3+ 26.Kb2 a4 27.Nf5 axb3 28.axb3 Qa6  0-1

[Event "Carlos Torre op 11th"]
[Site "Merida"]
[Date "1998.12.20"]
[Round "6"]
[White "Armas, Jorge"]
[Black "Urday, Henry"]
[Result "1/2-1/2"]
[WhiteElo "2450"]
[BlackElo "2475"]

1.d4 Nf6 2.Nf3 e6 3.c4 Bb4+ 4.Bd2 a5 5.Nc3 b6 6.e3 Bb7 7.Bd3 d6 8.Qe2 Nbd7
9.e4 e5 10.d5 Nc5 11.Bc2 Bc8 12.h3 O-O 13.g4 Ne8 14.Rg1 Bd7 15.Rg3 c6 16.Kf1 Bxc3
17.Bxc3 cxd5 18.cxd5 Nc7 19.Kg2 Nb5 20.Bd2 Rc8 21.Be3 Nc7 22.Rc1 Bb5 23.Qd1 N7a6
24.Bb1 Qe7 25.Ne1 Rc7 26.Bd2 Rfc8 27.Rgc3 Qd7 28.Qf3 Na4 29.Rxc7 Rxc7 30.b3 Rxc1
31.Bxc1 Qc7 32.Bd2  1/2-1/2

[Event "Danube op"]
[Site "Aschach"]
[Date "1998.12.27"]
[Round "2"]
[White "Wohlfahrt, Herbert J"]
[Black "Ebner, Josef"]
[Result "1/2-1/2"]
[WhiteElo "2265"]
[BlackElo "2105"]

1.d4 Nf6 2.Nf3 e6 3.c4 Bb4+ 4.Bd2 Qe7 5.g3 Nc6 6.Bg2 Bxd2+ 7.Nbxd2 d6 8.O-O a5
9.e4 e5 10.d5 Nb8 11.Ne1 h5 12.Nd3 h4 13.Qe2 hxg3 14.hxg3 c5 15.b3 b6 16.a3 Na6
17.b4 Rb8 18.bxa5 bxa5 19.Rfb1 O-O 20.Rb5 Qc7 21.Rab1 Bd7 22.Rxb8 Rxb8 23.Rxb8+ Qxb8
24.f4 Ba4 25.Bf3 Bc2 26.Kf2 Bxd3 27.Qxd3 Qb2 28.Ke2 a4 29.Ke1 Nd7 30.Bd1 Nb6
31.Qb1 Nxc4 32.Qxb2 Nxb2 33.Be2 Nb8 34.Bb5 f6 35.Ke2 Kf8 36.Nb1 c4 37.fxe5 fxe5
38.Kd2 Ke7 39.Kc3 Nd3 40.Kxc4 Nc5 41.Nc3 Nbd7 42.Kb4 Nf6 43.Nxa4 Nxa4 44.Bxa4 Nxe4
45.Bc2 Nxg3 46.Kb5 Kd7 47.a4 e4 48.Kc4 e3 49.Kd3 e2 50.Kd2 Kc7 51.a5 Kb7
52.Bd3 Ka7 53.Ke1 g5 54.Kf2 Kb7 55.Bc4 Ka7 56.Bd3 Kb7  1/2-1/2

[Event "Trinec op"]
[Site "Trinec"]
[Date "1998.12.27"]
[Round "2"]
[White "Voloshin, Leonid"]
[Black "Ptacnikova, Lenka"]
[Result "1-0"]
[WhiteElo "2440"]
[BlackElo "2260"]

1.d4 Nf6 2.c4 e6 3.Nf3 Bb4+ 4.Bd2 Qe7 5.g3 Nc6 6.Bg2 Bxd2+ 7.Nbxd2 d6 8.O-O O-O
9.e4 e5 10.d5 Nb8 11.Ne1 a5 12.Qc2 Na6 13.Nd3 Nd7 14.a3 Ndc5 15.Nxc5 Nxc5
16.b4 Na6 17.Qc3 Bd7 18.Nb3 axb4 19.axb4 g6 20.Ra5 f5 21.exf5 gxf5 22.b5 Nc5
23.Nxc5 dxc5 24.Rxa8 Rxa8 25.d6 Qxd6 26.Bxb7 Rd8 27.Bd5+ Be6 28.Rd1 Re8 29.Bxe6+ Qxe6
30.Rd5 Qe7 31.Qe3 Qg7 32.Qxc5 f4 33.Qc6 Qf7 34.Rd7 Qf5 35.Qd5+ Kh8 36.Qf7  1-0

[Event "Ambassador op"]
[Site "Bern"]
[Date "1998.12.29"]
[Round "5"]
[White "Karl, Hans"]
[Black "Varga, Peter"]
[Result "1-0"]
[WhiteElo "2235"]
[BlackElo "2445"]

1.d4 Nf6 2.c4 e6 3.Nf3 Bb4+ 4.Bd2 Qe7 5.Qc2 O-O 6.e3 Nc6 7.Be2 Bxd2+ 8.Nbxd2 d6
9.O-O a5 10.a3 e5 11.d5 Nb8 12.b4 Bg4 13.h3 Bh5 14.Qc3 Nbd7 15.Bd1 Bxf3 16.Bxf3 e4
17.Be2 axb4 18.axb4 b5 19.cxb5 Nxd5 20.Qd4 N7f6 21.Ra5 Rfe8 22.Rc1 Rab8 23.Ra7 Ra8
24.Ra5 Qd8 25.Nb3 Qe7 26.Rca1 Rab8 27.Ra7 Qe5 28.Rc1 Qxd4 29.Nxd4 Ra8 30.Ra5 Kf8
31.Rca1 Nd7 32.Nc6 Ne5 33.Rc1 g6 34.Bd1 Ne7 35.Nd4 Rec8 36.Bg4 f5 37.Bd1 Ke8
38.Bb3 d5 39.Ne6 Kd7 40.Nd4 Kd6 41.h4 Nd7 42.Nc6 Ng8 43.Na7 Rxa7 44.Rc6+ Ke7
45.Rxa7 Kd8 46.Bxd5 Ne7 47.Be6 Nxc6 48.bxc6  1-0

[Event "Hastings Challengers"]
[Site "Hastings"]
[Date "1998.12.30"]
[Round "2"]
[White "Almond, Richard"]
[Black "Cafferty, Bernard"]
[Result "1/2-1/2"]
[WhiteElo "2120"]
[BlackElo "2240"]

1.d4 Nf6 2.c4 e6 3.Nf3 Bb4+ 4.Bd2 Qe7 5.Qc2 Bxd2+ 6.Nbxd2 d6 7.e4 e5 8.d5 O-O
9.g3 a5 10.Bg2 Na6 11.O-O Nc5 12.Ne1 Bg4 13.f3 Bh5 14.Bh3 Bg6 15.Nd3 Nfd7
16.Nxc5 Nxc5 17.Nb3 b6 18.Rae1 Rfe8  1/2-1/2

[Event "Faro op"]
[Site "Algarve"]
[Date "1998.??.??"]
[Round "3"]
[White "Pacheco, J."]
[Black "Rigo, Janos"]
[Result "0-1"]
[WhiteElo "2045"]
[BlackElo "2325"]

1.d4 Nf6 2.Nf3 e6 3.c4 Bb4+ 4.Bd2 a5 5.Nc3 d5 6.e3 c6 7.Ne5 Nbd7 8.Nxd7 Bxd7
9.Bd3 O-O 10.O-O Re8 11.f4 c5 12.a3 Bxc3 13.Bxc3 dxc4 14.Bxc4 b5 15.Be2 Nd5
16.dxc5 Nxc3 17.bxc3 Rc8 18.Qd4 Qe7 19.c4 bxc4 20.Bxc4 Rxc5 21.e4 Rec8 22.Ba6 Ra8
23.Bc4 Bc6 24.Rad1 h6 25.Rf2 Ra7 26.Qd8+ Kh7 27.Qxe7 Rxe7 28.Rd4 f6 29.Rc2 Rb7
30.f5 Ba4 31.Rcd2 e5 32.Bg8+ Kxg8 33.Rxa4 Rbb5 34.h4 h5 35.Kf2 Rb3 36.Ke1 Kh7
37.Kd1 Rbc3 38.Ke2 Rg3 39.Kd1 Rg4 40.Rc2 Rb5 41.Rac4 Rxh4 42.a4 Rb3 43.Ke2 Rf4
44.Rd2 Rg3 45.Kd1 Rf1+ 46.Kc2 Ra3 47.Rd5 Rf2+ 48.Kb1 Rxg2 49.Rxa5 h4  0-1

[Event "BEL-chT 9798"]
[Site "Antwerp"]
[Date "1998.??.??"]
[Round "7"]
[White "Vanderstricht, Geert"]
[Black "Kishnev, Sergey"]
[Result "0-1"]
[WhiteElo "2260"]
[BlackElo "2500"]

1.d4 Nf6 2.c4 e6 3.Nf3 Bb4+ 4.Bd2 c5 5.Bxb4 cxb4 6.g3 O-O 7.Bg2 d6 8.O-O Nc6
9.a3 Qb6 10.axb4 Nxb4 11.Nc3 Bd7 12.e4 Rad8 13.Qb3 a5 14.e5 dxe5 15.dxe5 Ng4
16.h3 Nh6 17.Ne4 Bc6 18.Nd6 Nf5 19.c5 Qxc5 20.Rfc1 Nd4 21.Nxd4 Qxd4 22.Bxc6 bxc6
23.Qc3 Qb6 24.Nc4 Qb8 25.Nd6 Qc7 26.Ra3 f6 27.f4 fxe5 28.fxe5 Rb8 29.Qd4 Nd5
30.Rc5 Rb4 31.Qd2 Qb6 32.Rxa5 Rxb2 33.Qd4 Rb1+ 34.Kg2 Qb2+ 35.Qxb2 Rxb2+
36.Kg1 Rb1+ 37.Kg2 Ne3+  0-1

[Event "AUT-chT 9899"]
[Site "AUT"]
[Date "1998.??.??"]
[Round "?"]
[White "Lukacs, Peter"]
[Black "Dizdar, Goran"]
[Result "1/2-1/2"]
[WhiteElo "2515"]
[BlackElo "2530"]

1.d4 Nf6 2.c4 e6 3.Nf3 Bb4+ 4.Bd2 c5 5.Bxb4 cxb4 6.g3 O-O 7.Bg2 d6 8.O-O Nc6
9.Nbd2 a5 10.a3 Qc7 11.Qc2 bxa3 12.bxa3 e5 13.e3 exd4 14.exd4 Bg4 15.h3 Bd7
16.Rfe1  1/2-1/2

[Event "Bad Wildungen op"]
[Site "Bad Wildungen"]
[Date "1998.??.??"]
[Round "2"]
[White "Kreiling, Carsten"]
[Black "Schuchardt, Guenter"]
[Result "1/2-1/2"]
[WhiteElo "2100"]
[BlackElo "2115"]

1.d4 Nf6 2.c4 e6 3.Nf3 Bb4+ 4.Bd2 Qe7 5.g3 O-O 6.Bg2 Bxd2+ 7.Qxd2 d6 8.Nc3 e5
9.O-O c6 10.e4 Bg4 11.d5 Bxf3 12.Bxf3 c5 13.a3 Na6 14.Rab1 Rfc8 15.Qd3 b6
16.Rfc1 Rab8 17.Bd1 h5 18.Ba4 g6 19.Bc6 Kg7 20.Rc2 h4 21.b4 Rh8 22.Na4 hxg3
23.fxg3 Ng4 24.bxc5 bxc5 25.Rcb2 Rxb2 26.Rxb2 Rb8 27.Rxb8 Nxb8 28.h3 Nf6
29.Nc3  1/2-1/2

[Event "Baunatal op 4th"]
[Site "Baunatal"]
[Date "1998.??.??"]
[Round "2"]
[White "Reh, Philipp"]
[Black "Schlachowitsch, Markus"]
[Result "0-1"]
[WhiteElo "2160"]
[BlackElo "2130"]

1.d4 Nf6 2.Nf3 e6 3.c4 Bb4+ 4.Bd2 c5 5.g3 O-O 6.Bg2 Nc6 7.O-O d6 8.Bxb4 cxb4
9.Nbd2 e5 10.d5 Nb8 11.Qb3 a5 12.a3 Na6 13.axb4 Nxb4 14.Ne1 b6 15.Nc2 Nxc2
16.Qxc2 Bg4 17.Nf3 Qc7 18.b3 Bxf3 19.Bxf3 Nd7 20.Bg2 b5 21.Rfc1 b4 22.Rab1 Nc5
23.Qd2 Rfb8 24.f4 Qe7 25.e3 a4 26.bxa4 Rxa4 27.fxe5 Qxe5 28.Qd4 Re8 29.Qxe5 Rxe5
30.Ra1 Rxe3 31.Rxa4 Nxa4 32.Kf2 Ra3 33.Bh3 b3 34.Re1 g6 35.Bd7 Nc5 36.Re8+ Kg7
37.Be6 b2 38.Re7 b1=Q 39.Rxf7+ Kh6 40.Kg2 Qe4+  0-1

[Event "Regionalliga SO9798"]
[Site "Bayern"]
[Date "1998.??.??"]
[Round "?"]
[White "Reischl, Markus"]
[Black "Wagner, Hans"]
[Result "0-1"]
[WhiteElo "2020"]
[BlackElo "2135"]

1.d4 Nf6 2.c4 e6 3.Nf3 Bb4+ 4.Bd2 Qe7 5.a3 Bxd2+ 6.Qxd2 d6 7.Nc3 Nbd7 8.g3 b6
9.Bg2 Bb7 10.O-O O-O 11.Rad1 Ne4 12.Nxe4 Bxe4 13.Qc3 Rad8 14.Nh4 Bxg2 15.Kxg2 f5
16.Nf3 Nf6 17.Qc2 Ne4 18.Nd2 Nxd2 19.Rxd2 f4 20.Qe4 fxg3 21.hxg3 Qf6 22.d5 e5
23.Rd3 Qg5 24.Rh1 h6 25.Qe3 Qg6 26.b4 Rd7 27.Rh4 Rdf7 28.f3 Qf6 29.Rh2 e4
30.Qxe4 Re7 31.Qd4 Rxe2+ 32.Kh3 Qf5+ 33.g4 Qxf3+  0-1

[Event "Regionalliga SO9798"]
[Site "Bayern"]
[Date "1998.??.??"]
[Round "?"]
[White "Knollhuber, Peter"]
[Black "Tauber, Rainer"]
[Result "1/2-1/2"]
[WhiteElo "1715"]
[BlackElo "1995"]

1.d4 e6 2.Nf3 Nf6 3.c4 Bb4+ 4.Bd2 c5 5.Bxb4 cxb4 6.e3 d6 7.Be2 O-O 8.O-O Nc6
9.a3 bxa3 10.Nxa3 e5 11.d5 Nb4 12.Nc2 Nxc2 13.Qxc2 a5 14.Ra3 Bg4 15.Rfa1 b6
16.b4 Bd7 17.Qd2  1/2-1/2

[Event "Regionalliga NO9899"]
[Site "Bayern"]
[Date "1998.??.??"]
[Round "?"]
[White "Luft, Josef"]
[Black "Susanu, Marius"]
[Result "1/2-1/2"]
[WhiteElo "2115"]
[BlackElo "2070"]

1.d4 Nf6 2.Nf3 e6 3.c4 Bb4+ 4.Bd2 c5 5.Bxb4 cxb4 6.e3 d5 7.Nbd2 O-O 8.Bd3 b6
9.O-O Bb7 10.Qc2 Nbd7 11.cxd5 exd5 12.Rac1 Qb8 13.Qc7 Rc8 14.Qxb8 Raxb8 15.Bf5 g6
16.Bh3 Rxc1 17.Rxc1 Rc8 18.Rxc8+ Bxc8 19.g3 Ba6 20.Bf1 Bxf1 21.Kxf1 Kf8 22.Ke2 Ke7
23.Kd3 h6 24.h3 Kd6 25.Ne1 Ne8 26.g4 f5 27.gxf5 gxf5 28.Ng2 Ndf6 29.Nf4 Nc7
30.Nf1 Ne6 31.Nxe6 Kxe6 32.f3 Nh7 33.f4 Nf6 34.Ng3 a5 35.Kc2 a4 36.Kd3 Ne8
37.Nf1 Nd6 38.Nd2 Nb5 39.Nf3 Nd6 40.Ne5 Ne4 41.h4 Nd6 42.Nc6 Nc4 43.b3 axb3
44.axb3 Na5 45.Nxb4 Nxb3  1/2-1/2

[Event "Landesliga Sued9798"]
[Site "Bayern"]
[Date "1998.??.??"]
[Round "?"]
[White "Geberl, Hans"]
[Black "Stoer, Andreas"]
[Result "1-0"]
[WhiteElo "2115"]
[BlackElo "2190"]

1.d4 Nf6 2.Nf3 e6 3.c4 Bb4+ 4.Bd2 Qe7 5.g3 Nc6 6.Bg2 Bxd2+ 7.Qxd2 Ne4 8.Qd3 Qb4+
9.Nbd2 Nxd2 10.Qxd2 Qxc4 11.O-O Qb4 12.Qd3 Nb8 13.e4 Qe7 14.Rac1 O-O 15.d5 d6
16.Nd4 Na6 17.Nb5 Nc5 18.Qa3 exd5 19.exd5 Bf5 20.b4 Na6 21.Rfe1 Qd7 22.Qa5 Rfe8
23.Red1 Re7 24.Nd4 Bh3 25.Nc6 Re2 26.Qb5 Rae8 27.Bxh3 Qxh3 28.Nd4 R2e4 29.Qxb7 Nb8
30.Qxc7 Nd7 31.Nf3 Ne5 32.Nxe5 R4xe5 33.Qxd6 Rh5 34.g4 Qxg4+ 35.Qg3 Qf5 36.d6 Rg5
37.d7 Rxg3+ 38.hxg3 Rd8 39.Rc8 Rxc8 40.d8=Q+  1-0

[Event "Oberliga Bayern9798"]
[Site "Bayern"]
[Date "1998.??.??"]
[Round "?"]
[White "Gruenberg, Hans Ulrich"]
[Black "Schnelzer, Reinhold"]
[Result "1-0"]
[WhiteElo "2425"]
[BlackElo "2315"]

1.d4 Nf6 2.c4 e6 3.Nf3 Bb4+ 4.Bd2 Qe7 5.g3 b6 6.Bg2 Bb7 7.O-O Bxd2 8.Qxd2 d6
9.Nc3 Ne4 10.Nxe4 Bxe4 11.Qe3 Bb7 12.d5 e5 13.Nh4 a5 14.f4 exf4 15.Qxe7+ Kxe7
16.Nf5+ Kf8 17.gxf4 Nd7 18.e4 g6 19.Nd4 Ba6 20.b3 Kg7 21.Rae1 Rhe8 22.Re3 Nc5
23.e5 f6 24.e6 f5 25.Rc1 Bb7 26.a3 Kf6 27.b4 axb4 28.axb4 Na6 29.Rb3 h6 30.h4 Rg8
31.Kf2 g5 32.hxg5+ hxg5 33.Rh1 Rh8 34.fxg5+ Kxg5 35.Rg3+ Kf6 36.Rf3 Kg6 37.Rxf5 Rxh1
38.Bxh1 Nxb4 39.Be4 Rc8 40.Rf7+ Kh5 41.Rh7+ Kg4 42.Nf3  1-0

[Event "Oberliga Bayern9798"]
[Site "Bayern"]
[Date "1998.??.??"]
[Round "?"]
[White "Eckstein, Bernd"]
[Black "Lickleder, Andreas"]
[Result "1/2-1/2"]
[WhiteElo "2165"]
[BlackElo "2155"]

1.d4 Nf6 2.c4 e6 3.Nf3 Bb4+ 4.Bd2 Qe7 5.Qc2 Nc6 6.e3 Bxd2+ 7.Nbxd2 O-O 8.Be2 d6
9.O-O e5 10.d5 Nb8 11.b4 a5 12.bxa5 Rxa5 13.Nb3 Ra8 14.Nfd2 c6 15.e4 cxd5
16.cxd5 Na6 17.Nc4 Nd7  1/2-1/2